| 000 | 01092nac a22002291u 4500 | ||
|---|---|---|---|
| 090 | _c9678 | ||
| 008 | 090125t xxu||||| |||| 00| 0 eng d | ||
| 020 | _a8126125950 : | ||
| 082 | 0 | 0 |
_a620.11296 _bYAD |
| 100 | _aYadav, M. S. | ||
| 245 | 1 | 0 |
_aThermodynamics in materials science / _cRobert T. DeHoff. |
| 250 |
_a2nd ed. _bSecond Revised and Enlarged Edition |
||
| 260 |
_aNew Delhi: _bAnmol,2000. _cc2000. |
||
| 300 |
_aviii, 480p. : _bill. ; _c24 cm. |
||
| 650 | 0 | _aMaterials science. | |
| 650 | 0 | _aThermodynamics. | |
| 856 | 4 | 2 |
_3Publisher description _uhttp://www.loc.gov/catdir/description/mh022/92040109.html |
| 856 | 4 | 2 |
_3Table of contents _uhttp://www.loc.gov/catdir/toc/mh021/92040109.html |
| 942 |
_cBB _k620.11296YAD _2ddc |
||
| 999 |
_c9678 _d9678 |
||